Gender and communication in Euripides' plays : between song and silence /

The prominent role of women in Greek drama has always fascinated readers. This book proposes that women in Euripides' plays communicate in ways constructed by the tragic genre itself as 'female.' Yet these women's words are surprisingly not uniformly dangerous or excessively emot...

وصف كامل

محفوظ في:

المؤلف الرئيسي: Chong-Gossard, J. H. Kim On 1969-

التنسيق: كتاب الكتروني

اللغة: English

منشور في: Boston : Brill, 2008.

سلاسل: Mnemosyne, Supplements 296.
Mnemosyne Supplements Online, Volumes 204-407, ISBN: 9789004322288.

الموضوعات:

الوصول للمادة أونلاين: Login to view Source

الوسوم: إضافة وسم

لا توجد وسوم, كن أول من يضع وسما على هذه التسجيلة!

رقم الطلب: PA3978 .C45 2008

LEADER 03548cam a2200529 i 4500
001 BRILL9789047442769
003 nllekb
005 20230529212249.0
006 m d
007 cr un uuuua
008 080522s2008 ne sb 001 0 eng
010 |a  2008022001 
015 |a GBA881408  |2 bnb 
016 7 |a 014653089  |2 Uk 
019 |a 232713800 
020 |a 9789047442769  |q (electronic book) 
020 |z 9789004168800  |q (print) 
024 7 |a 10.1163/ej.9789004168800.i-263  |2 DOI 
035 |a (OCoLC)230729543  |z (OCoLC)232713800 
040 |a NL-LeKB  |c NL-LeKB  |e rda 
050 4 |a PA3978  |b .C45 2008 
082 0 4 |a 882/.01  |2 22 
100 1 |a Chong-Gossard, J. H. Kim On  |q (James Harvey Kim On),  |d 1969- 
245 1 0 |a Gender and communication in Euripides' plays :  |b between song and silence /  |c by J.H. Kim On Chong-Gossard. 
264 1 |a Boston :  |b Brill,  |c 2008. 
300 |a 1 online resource. 
336 |a text  |b txt  |2 rdacontent 
337 |a computer  |b c  |2 rdamedia 
338 |a online resource  |2 rdacarrier 
490 0 |a Brill eBook titles 2008 
504 |a Includes bibliographical references (p. [247]-254) and indexes. 
505 0 0 |t Preliminary Materials /  |r J.H.K.O. Chong-Gossard --   |t Chapter One. Introduction: Gendered Space In Greek Tragedy As Communication /  |r J.H.K.O. Chong-Gossard --   |t Chapter Two. Song As Knowledge: Recognition Duets /  |r J.H.K.O. Chong-Gossard --   |t Chapter Three. Why Am I Singing? Resistance And Other Semantics Of Lyric /  |r J.H.K.O. Chong-Gossard --   |t Chapter Four. Silence I: Gendered Categories /  |r J.H.K.O. Chong-Gossard --   |t Chapter Five. Silence II: Solidarity And Complicity /  |r J.H.K.O. Chong-Gossard --   |t Chapter Six. Women Out Of Place /  |r J.H.K.O. Chong-Gossard --   |t Chapter Seven. Conclusions /  |r J.H.K.O. Chong-Gossard --   |t Bibliography /  |r J.H.K.O. Chong-Gossard --   |t Index Locorum /  |r J.H.K.O. Chong-Gossard --   |t Index Nominum Et Rerum /  |r J.H.K.O. Chong-Gossard. 
506 1 |a Available to subscribing member institutions only. 
520 |a The prominent role of women in Greek drama has always fascinated readers. This book proposes that women in Euripides' plays communicate in ways constructed by the tragic genre itself as 'female.' Yet these women's words are surprisingly not uniformly dangerous or excessively emotional, as has traditionally been thought. Rather, Euripides' women resort to 'female' ways of talking in order to enable others to understand them and their unique point-of-view. Aspects of women's speech-song, silence and secret-keeping as female verbal genres, and the challenges of speaking out of place-contribute to Euripides' portrayal of women as different from men. Originating in a culture where putting women under scrutiny was part of daily life, Euripides' tragedies dramatise women's constant struggle to control language. 
559 4 |a PA3978 .C45 2008 
600 0 0 |a Euripides  |x Women. 
600 0 0 |a Euripides. 
650 0 |a Greek drama (Tragedy) 
650 0 |a Women in literature. 
776 0 |t Gender and communication in Euripides' plays  |z 9789004168800 (hardback : alk. paper)  |z 900416880X (hardback : alk. paper) 
830 0 |a Mnemosyne, Supplements  |v 296. 
830 0 |a Mnemosyne Supplements Online, Volumes 204-407, ISBN: 9789004322288. 
856 4 |z DOI:   |u http://dx.doi.org/10.1163/ej.9789004168800.i-263 
942 |2 lcc  |c EBOOK 
952 |0 0  |1 0  |2 lcc  |4 0  |6 PA3978 C45 02008  |7 1  |9 48724  |a BRILL  |b BRILL  |d 2023-05-29  |l 0  |o PA3978 .C45 2008  |r 2023-05-29 00:00:00  |w 2023-05-29  |y EBOOK 
994 |a C0  |b NEIDC 
999 |c 54068  |d 54068